000 00651nam a2200229Ia 4500
003 OSt
005 20220926021511.0
006 a|||||r|||| 00| 0
007 ta
008 220923b |||||||| |||| 00| 0 eng d
037 _cGeneral Book
040 _aRTL
_cRTL
_beng
041 _2eng
_aeng
082 _aV1N45,93:3:(Z1718).N83, M3/UN
110 _aUNITED NATIONS
245 0 _aTrusteeship council
_bOfficial records.
260 _aNew York
_bUnioted Nations
_c1983
300 _axi,5p.
_ccm.
700 _aUNITED NATIONS
942 _hV1N45,93:3:(Z1718).N83, M3/UN
_cGB
_2CC
999 _c636940
_d636940